000 00659cam a2200217 a 4500
001 000010076
005 20200929161831.0
008 930924s1989 sp 001 p spa d
020 _a8775172717
040 _aDO-SdBNP
_cFMU
_dOCoLC
_dDLC
082 _a861.64
_bA997p
100 1 _aAzúa, Félix de,
_d1944-
_921223
245 1 0 _aPoesía 1968-1988 /
_cFélix de Azúa.
260 _aMadrid :
_bHiperión,
_c1989.
300 _a240 p. ;
_c20 cm.
490 1 _aPoesía Hiperión
_v143
650 4 _aPoesía española
_9631
650 4 _aLiteratura española
_ySIGLO XX
_93326
830 0 _aPoesía Hiperión ;
_v143
_914707
910 _aCatalogación por copia / LC
999 _c9835
_d9835